| 000 | 00668nam a2200193Ia 4500 | ||
|---|---|---|---|
| 003 | GCL | ||
| 008 | 140319s9999 xx 000 0 ara d | ||
| 020 | _a1867215977 | ||
| 040 |
_aGCL / _cGCL |
||
| 082 | 0 | 4 |
_a416 _bع د |
| 100 | 1 | _aعلى يونس | |
| 245 | 1 | 0 |
_aدراسات عروضية / _cعلى يونس |
| 260 |
_aالقاهرة : _bدار غريب للطباعة والنشر والتوزيع ، _c2006 |
||
| 300 |
_a167 ص ؛ _c24 سم |
||
| 650 | 0 | 4 | _aالاوزان الشعرية |
| 650 | 0 | 4 | _aاللغة العربية - العروض والقوافى |
| 650 | 0 | 4 | _aاللغة العربية - المترادفات والاضداد |
| 942 |
_2ddc _cBK |
||
| 999 |
_c54113 _d54113 |
||